000 01096nam a2200277Ia 4500
001 ebr10015076
003 CaPaEBR
006 m u
007 cr cn|||||||||
008 030208s2001 enk s 000 1 eng d
020 _z1901843785
040 _aCaPaEBR
_cCaPaEBR
035 _a(OCoLC)70741502
050 1 4 _aPR4555
_b.A1 2001eb
100 1 _aDickens, Charles,
_d1812-1870.
245 1 0 _aBarnaby Rudge
_h[electronic resource] :
_ba tale of the Riots of 'Eighty' /
_cCharles Dickens.
260 _aLondon :
_bElectric Book Co.,
_cc2001.
300 _a887 p.
533 _aElectronic reproduction.
_bPalo Alto, Calif. :
_cebrary,
_d2005.
_nAvailable via World Wide Web.
_nAccess may be limited to ebrary affiliated libraries.
600 1 0 _aDickens, Charles,
_d1812-1870.
650 0 _aGordon Riots, 1780
_vFiction.
651 0 _aLondon (England)
_xHistory
_y18th century
_vFiction.
655 7 _aElectronic books.
_2local
710 2 _aebrary, Inc.
856 4 0 _uhttp://site.ebrary.com/lib/rucke/Doc?id=10015076
_zAn electronic book accessible through the World Wide Web; click to view
999 _c11346
_d11346